Logo biblioteca
Santa Fe 2917, Rosario, Santa Fe
Lu-Vi 8 a 19.45
+54-341-4232362
bibliotecaeudoro@gmail.com
Facebook Biblioteca Pedagógica
Sitio web

Planificación, producción y análisis de las consignas en la escuela media / (Registro nro. 32669)

Detalles MARC
000 -CABECERA
campo fijo de control de longitud 01523nab a2200253 4500
003 - IDENTIFICADOR DEL NÚMERO DE CONTROL
campo de control AR-RoBPED
005 - FECHA Y HORADE LA ULTIMA TRANSACCION
campo de control 20260429154504.0
008 - ELEMENTOS DE LONGITUD FIJA--INFORMACION GENERAL
campo fijo de control de longitud 260429b |||||||| |||| 00| 0 spa d
040 ## - FUENTE CATALOGADORA
Centro catalogador/agencia de origen AR-RoBPED
041 ## - IDIOMA
Código de idioma para texto/pista de sonido o título independiente spa
100 1# - ENCABEZAMIENTO PRINCIPAL--AUTOR PERSONAL
Nombre de persona Pérez Lindo, Paula
9 (RLIN) 22099
Función Profesora en Ciencias del Lenguaje y la Comunicación
245 1# - TITULO
Título Planificación, producción y análisis de las consignas en la escuela media /
260 ## - PUBLICACION
Lugar Buenos Aires :
Editor Noveduc,
Fecha 2023
300 ## - DESCRIPCION FISICA
Extensión 28-31 p.
500 ## - NOTA GENERAL
Nota general En este trabajo, la autora destaca la importancia de tener en cuenta diferentes aspectos por parte de los docentes al momento de la redacción de las consignas escolares. También propone reflexionar sobre las características textuales y discursivas de un enunciado destinado a regular, ordenar, dirigir el aprendizaje y la construcción escrituraria de los alumnos y promover un proyecto articulado con las diferentes áreas con la finalidad de favorecer en los estudiantes el desarrollo de habilidades cognitivas, metacognitivas y comunicativas relacionadas con la producción escrita dentro del contexto del aula y fuera de ella.
650 #7 - TERMINO DE MATERIA--CONTROLADO
Término controlado DOCENTES
9 (RLIN) 344
Término controlado ESCRITURA
9 (RLIN) 114
Término controlado ACTIVIDADES DE APRENDIZAJE
9 (RLIN) 783
Término controlado REDACCION
9 (RLIN) 4463
Término controlado EVALUACION DEL ALUMNO
9 (RLIN) 5394
773 0# - DOCUMENTO FUENTE
Host Biblionumber 20414
Host Itemnumber 40098
Place, publisher, and date of publication Buenos Aires : Noveduc, 1993-
Título Novedades Educativas
Record control number (AR-RoBPED)20414
International Standard Serial Number 03283534
942 ## - ELEMENTOS KOHA
Fuente de clasificación Universal Decimal Classification
Koha tipo de ítem Revistas
Clasificación 37(05)
Signatura librística Nov 86 N° 393 (Dic.2023)
Número Koha k.32699
945 ## - PROCESAMIENTO DE LA INFORMACIÓN LOCAL
Catalogador y fecha mar 04/2026

No hay ítems disponibles.